000 00382nam a2200157Ia 4500
008 210716s9999 xx 000 0 und d
020 _a876924828
041 _aeng
082 _a005.73 KRUR
100 _aKruse, Robert L.
245 _aData structures and program design.
250 _a2
260 _aNew Delhi
_bPHI Learning Pvt Ltd
300 _axviii,586
650 _aNone
999 _c180541
_d180541